Cvičebnice k seminářu z předmětu Modelování a projektování systémů řízení pro studijní obor Systémové inženýrství

Salvato in:
Dettagli Bibliografici
Autore principale: Smola, Stanislav
Ente Autore: Vysoká škola ekonomická v Praze. Fakulta řízení
Altri autori: Průcha, Jiří
Natura: Libro
Lingua:ceco
Pubblicazione: Praha Státní pedagogické nakladatelství 1984
Tags: Aggiungi Tag
Nessun Tag, puoi essere il primo ad aggiungerne!!

MARC

LEADER 00000nam a2200000 4500
001 c108861
005 20190204092742.9
041 0 |a cze 
044 |a CZ 
245 1 0 |a Cvičebnice k seminářu z předmětu Modelování a projektování systémů řízení  |b pro studijní obor Systémové inženýrství  |c Stanislav Smola, Jiří Průcha 
264 1 |a Praha  |b Státní pedagogické nakladatelství  |c 1984 
300 |a 56 s. 
100 1 |a Smola, Stanislav 
700 1 |a Průcha, Jiří 
710 2 |a Vysoká škola ekonomická v Praze. Fakulta řízení